| 000 | 00577nam a2200181Ia 4500 | ||
|---|---|---|---|
| 003 | GCL | ||
| 008 | 140319s9999 xx 000 0 ara d | ||
| 040 |
_aGCL / _cGCL |
||
| 082 | 0 | 4 |
_aق _b813.008 _bح ت |
| 100 | 1 | _aحبيب جاماتى | |
| 245 | 1 | 0 |
_aتاريخ ما اهملة التاريخ : مصر مقبرة الفاتحين / _cحبيب جاماتى |
| 250 | _aالاولى | ||
| 260 |
_aالقاهرة : _bالكتاب الماسى |
||
| 300 |
_a249 ص ؛ _c24سم |
||
| 650 | 0 | 4 | _aالادب العربى |
| 650 | 0 | 4 | _aالقصص العربية |
| 942 |
_2ddc _cBK |
||
| 999 |
_c42711 _d42711 |
||